000 00563nam a2200181Ia 4500
008 090124s9999 xx 000 0 und d
082 _b12300
_a1428
100 _aकाणेकर अनंत
245 _a पाण्यावरल्या रेषा
250 _a1
260 _c1962
300 _a190
600 _aकाणेकर अनंत
630 _a पाण्यावरल्या रेषा
700 _aकाणेकर अनंत
730 _a पाण्यावरल्या रेषा
942 _cBOOK
999 _c126239
_d126239